Légende des animaux - Statistiques

Statistiques générales
  • Ce quiz a été pris 26 fois
  • Le résultat moyen est 15 sur 20
Statistiques - réponses
Par images Réponse % Correct
Addax
100%
Aigle harpie
100%
Aigle royal
100%
Ane
100%
Antilope indienne
100%
Ara bleu
100%
Ara macao
100%
Autruche
100%
Babouin
100%
Babouin hamadryas
100%
Babouin olive
100%
Baleine à bosse
100%
Belette
100%
Blaireau
100%
Canard
100%
Castor
100%
Cerf
100%
Cerf
100%
Chauve souris
100%
Chien de prairie
100%
Chimpanzé
100%
Chimpanzé
100%
Coati roux
100%
Cobe lechwe
100%
Cochon d'inde
100%
Coq
100%
Crapaud
100%
Crapaud
100%
Diable de Tasmanie
100%
Dinde
100%
Dragon d'eau
100%
Dragon de komodo
100%
Dromadaire
100%
Dugong
100%
Ecurueil
100%
Ecurueil
100%
Ecurueil
100%
Éléphant d'Afrique
100%
Éléphant d'Afrique
100%
Fennec
100%
Fouine
100%
Fourmilier
100%
Gaur
100%
Gibbon
100%
Glouton
100%
Goéland
100%
Gorille
100%
Guépard
100%
Guépard
100%
Hamster
100%
Hérisson
100%
Hérisson
100%
Hibou grand duc
100%
Hurleur roux
100%
Hurleur roux
100%
Kangourou
100%
Koala
100%
Koudou
100%
Lapin
100%
Lémur à ventre roux
100%
Lémur Catta
100%
Lémur macaco
100%
Léopard
100%
Léopard de mer
100%
Macaque crabier
100%
Macareux
100%
Macareux
100%
Manchot
100%
Mouette
100%
Mouffette
100%
Okapi
100%
Orque
100%
Otarie
100%
Otarie
100%
Panda roux
100%
Phacochère
100%
Phoque
100%
Poule
100%
Poule
100%
Puma
100%
Puma
100%
Raton laveur
100%
Renard
100%
Renard
100%
Salamandre maculée
100%
Salamandre maculée
100%
Sanglier
100%
Sassabi
100%
Serval
100%
Souris
100%
Springbok
100%
Tamarin-lion doré
100%
Tapir
100%
Tigre
100%
Vache
100%
Chevreuil
67%
Oryx gazelle
67%
Ours blanc
67%
Biche
50%
Dragon barbu
50%
Éléphant de mer
50%
Faisan
50%
Faucon pèlerin
50%
Fossa
50%
Gélada
50%
Grizzli
50%
Hippopotame
50%
Hyène
50%
Nasique
50%
Addax
0%
Aigle à tête blanche
0%
Aigle à tête blanche
0%
Aigle harpie
0%
Aigle royal
0%
Alpaga
0%
Alpaga
0%
Ane
0%
Antilope d’Amérique
0%
Antilope d’Amérique
0%
Antilope indienne
0%
Babouin
0%
Babouin hamadryas
0%
Babouin olive
0%
Baleine à bosse
0%
Belette
0%
Belette
0%
Bélier
0%
Bélier
0%
Béluga
0%
Biche
0%
Bison d'Amérique
0%
Bison d'Amérique
0%
Bison d'Europe
0%
Bison d'Europe
0%
Blaireau
0%
Boeuf musqué
0%
Boeuf musqué
0%
Bonobo
0%
Bonobo
0%
Bouquetin
0%
Bouquetin
0%
Buffle d'Afrique
0%
Buffle d'Afrique
0%
Buffle d'Asie
0%
Buffle d'Asie
0%
Cacatoès
0%
Canard
0%
Canard
0%
Capucin
0%
Capucin
0%
Capucin
0%
Capybara
0%
Capybara
0%
Caracal
0%
Caracal
0%
Castor
0%
Chacal
0%
Chacal
0%
Chameau
0%
Chameau
0%
Chamois
0%
Chamois
0%
Chat
0%
Chat
0%
Chat de Pallas
0%
Chat de Pallas
0%
Chat des sables
0%
Cheval
0%
Cheval
0%
Chevreuil
0%
Chien
0%
Chien
0%
Chien
0%
Chinchilla
0%
Chouette effraie
0%
Chouette effraie
0%
Chouette hulotte
0%
Chouette hulotte
0%
Coati brun
0%
Coati brun
0%
Coati roux
0%
Cobe à croissant
0%
Cobe à croissant
0%
Cobe lechwe
0%
Cochon
0%
Cochon
0%
Cochon d'inde
0%
Coq
0%
Coyote
0%
Coyote
0%
Daman
0%
Daman
0%
Dauphin
0%
Dhole
0%
Dhole
0%
Diable de Tasmanie
0%
Dik Dik
0%
Dik Dik
0%
Dinde
0%
Dingo
0%
Dingo
0%
Dromadaire
0%
Dugong
0%
Élan
0%
Élan
0%
Éléphant d'Asie
0%
Éléphant d'Asie
0%
Éléphant de mer
0%
Faisan
0%
Faucon pèlerin
0%
Fennec
0%
Flamant rose
0%
Fossa
0%
Fourmilier
0%
Furet
0%
Furet
0%
Gaur
0%
Gazelle de Grant
0%
Gazelle de Grant
0%
Gazelle de thomson
0%
Gazelle de thomson
0%
Gazelle de thomson
0%
Gélada
0%
Gerbille
0%
Gerbille
0%
Gibbon
0%
Gibbon
0%
Girafe
0%
Glouton
0%
Gnou bleu
0%
Gnou bleu
0%
Goéland
0%
Gorfou doré
0%
Gorfou doré
0%
Gorille
0%
Grenouille
0%
Grenouille
0%
Grizzli
0%
Hamster
0%
Hamster
0%
Hibou grand duc
0%
Hippopotame
0%
Hippotrague noir
0%
Hippotrague noir
0%
Hurleur noir
0%
Hurleur noir
0%
Hyène
0%
Impala
0%
Impala
0%
Impala
0%
Jaguar
0%
Jaguar
0%
Kangourou
0%
Koala
0%
Lama
0%
Lama
0%
Lémur Catta
0%
Lémur Mongos
0%
Léopard
0%
Léopard de mer
0%
Lièvre
0%
Lion
0%
Loup
0%
Loup
0%
Loup
0%
Loutre
0%
Loutre
0%
Lycaon
0%
Lycaon
0%
Lynx boréal
0%
Lynx boréal
0%
Lynx du Canada
0%
Lynx du Canada
0%
Macaque crabier
0%
Macaque japonais
0%
Macaque japonais
0%
Manchot
0%
Marmotte
0%
Marmotte
0%
Martin pêcheur
0%
Martin pêcheur
0%
Morse
0%
Mouette
0%
Mouffette
0%
Mouton
0%
Mouton
0%
Nasique
0%
Numbat
0%
Numbat
0%
Nyala
0%
Nyala
0%
Ocelot
0%
Ocelot
0%
Okapi
0%
Orang outan
0%
Orang outan
0%
Ornithorynque
0%
Oryx gazelle
0%
Oryx gazelle
0%
Ouandérou
0%
Ouandérou
0%
Ours
0%
Ours
0%
Panda
0%
Panda
0%
Panda roux
0%
Panthère noire
0%
Panthère noire
0%
Paresseux
0%
Paresseux
0%
Phacochère
0%
Phalanger volant
0%
Phoque
0%
Pingouin
0%
Pingouin
0%
Pintade
0%
Pintade
0%
Propithèque de Coquerel
0%
Propithèque de Coquerel
0%
Propithèque de Verreaux
0%
Quokka
0%
Quokka
0%
Quokka
0%
Ragondin
0%
Ragondin
0%
Raton laveur
0%
Renard arctique
0%
Renard arctique
0%
Renne
0%
Renne
0%
Renne
0%
Requin baleine
0%
Requin baleine
0%
Rhinocéros
0%
Sanglier
0%
Sassabi
0%
Serval
0%
Souris
0%
Springbok
0%
Springbok
0%
Suricate
0%
Suricate
0%
Suricate
0%
Tamarin empereur
0%
Tamarin empereur
0%
Tamarin-lion doré
0%
Tapir
0%
Tarsier
0%
Tarsier
0%
Taupe
0%
Taupe
0%
Taureau
0%
Taureau
0%
Tigre
0%
Vache
0%
Varan
0%
Vari noir et blanc
0%
Vari noir et blanc
0%
Vari roux
0%
Vari roux
0%
Zèbre
0%
Aucun quiz correspondant
Distribution des résultats
% des personnes avec chaque résultat
Percentile par nombre de réponses
Votre historique - résultats
Vous n’avez pas pris ce quiz